000 00856nam a2200265Ia 4500
003 OSt
005 20220923221534.0
006 a|||||r|||| 00| 0
007 ta
008 RAJ
024 _a197,991
037 _cTextual
040 _aARTS
_cARTS
_bRAJ
041 _2RAJ
_aRAJ
082 _aO1528,1J35w, 152M3
100 _aसारस्वत, रावत
_9156275
245 0 _aदुरसा आढ़ा
246 _aDurasā āढ़ā
260 _aनई दिल्ली
_b साहित्य अकादमी
_c1983
300 _a88पृ0
_ccm.
490 _aभारतीय साहित्य के निर्माता
650 _aराजस्थानी साहित्य
942 _hO1528,1J35w, 152M3
_cTEXL
_2CC
999 _c349861
_d349861